[Event "CZE-chT2F 1819"]
[Site "Czech Republic"]
[Date "2019.03.17"]
[Round "10.3"]
[White "Kozel, Jiri"]
[Black "Kubicka, Anna"]
[Result "0-1"]
[WhiteElo "2118"]
[BlackElo "2152"]
[PlyCount "94"]
[EventDate "2018.10.14"]
[EventType "team-tourn"]
[EventRounds "11"]
[EventCountry "CZE"]
[SourceTitle "EXT 2022"]
[Source "ChessBase"]
[SourceDate "2021.10.06"]
[SourceVersion "1"]
[SourceVersionDate "2021.10.06"]
[SourceQuality "1"]
[WhiteTeam "Frydek Mistek III"]
[BlackTeam "Karvina"]
[WhiteTeamCountry "CZE"]
[BlackTeamCountry "CZE"]

1. e4 c5 2. Nf3 d6 3. d4 Nf6 4. Nc3 cxd4 5. Nxd4 a6 6. Be2 e5 7. Nb3 Be7 8. 0-0 Be6 9. f4 Qc7 10. f5 Bc4 11. Bxc4 Qxc4 12. Qf3 Nbd7 13. Bg5 b5 14. a3 0-0 15. Nd2 Qc7 16. g4 h6 17. Be3 Qd8 18. Rad1 Rc8 19. Kh1 Nh7 20. Qg2 Rc6 21. Nf3 Ng5 22. Nxg5 Bxg5 23. Bxg5 Qxg5 24. Nd5 Rc4 25. f6 g6 26. b4 Rd4 27. Rd3 Rxd3 28. cxd3 Kh7 29. Qg3 Rc8 30. h4 Qd2 31. h5 Rc1 32. hxg6+ Kxg6 33. Qf3 Rxf1+ 34. Qxf1 Qg5 35. Qf5+ Qxf5 36. gxf5+ Kg5 37. Kg2 Nxf6 38. Nc7 Kf4 39. Nxa6 Ke3 40. Nc7 Kxd3 41. Nxb5 Nxe4 42. Nc7 Kc4 43. b5 Kc5 44. a4 Nc3 45. Ne6+ fxe6 46. f6 Nd5 47. f7 Nf4+ 0-1

[Event "CZE-chT1E 1819"]
[Site "Czech Republic"]
[Date "2019.01.06"]
[Round "5.4"]
[White "Kozel, Jiri"]
[Black "Michenka, Jozef"]
[Result "0-1"]
[WhiteElo "2123"]
[BlackElo "2278"]
[PlyCount "86"]
[EventDate "2018.10.21"]
[EventType "team-tourn"]
[EventRounds "11"]
[EventCountry "CZE"]
[SourceTitle "CBM 188 Extra"]
[Source "ChessBase"]
[SourceDate "2019.02.26"]
[SourceVersion "1"]
[SourceVersionDate "2019.02.26"]
[SourceQuality "1"]
[WhiteTeam "Frydek Mistek II"]
[BlackTeam "Ostrava"]
[WhiteTeamCountry "CZE"]
[BlackTeamCountry "CZE"]

1. e4 c5 2. Nf3 e6 3. d4 cxd4 4. Nxd4 Nc6 5. Nc3 a6 6. Nxc6 bxc6 7. Bd3 d5 8. 0-0 Nf6 9. Re1 Be7 10. e5 Nd7 11. Qg4 Kf8 12. f4 g6 13. Qh3 h5 14. Bxg6 fxg6 15. Qxe6 Nc5 16. Qxc6 Be6 17. Na4 Rc8 18. Qb6 Qxb6 19. Nxb6 Rb8 20. b4 Rxb6 21. bxc5 Bxc5+ 22. Be3 Bxe3+ 23. Rxe3 Ke7 24. Rb3 Rhb8 25. Rd1 Rb4 26. g3 a5 27. Rd2 a4 28. Ra3 Rc4 29. c3 Rb1+ 30. Kf2 Rc1 31. Rd4 Rc2+ 32. Kg1 R2xc3 33. Rxa4 Rxd4 34. Rxd4 Rc1+ 35. Kf2 Rc2+ 36. Ke3 Rxa2 37. h4 Ra3+ 38. Kf2 Rc3 39. Ra4 Bf5 40. Ra7+ Kd8 41. Ra6 Be4 42. f5 Rf3+ 43. Ke2 Rxf5 0-1

[Event "CZE-chT1E 1819"]
[Site "Czech Republic"]
[Date "2018.10.21"]
[Round "1.6"]
[White "Kozel, Jiri"]
[Black "Lojek, Marek"]
[Result "0-1"]
[WhiteElo "2123"]
[BlackElo "2196"]
[PlyCount "116"]
[EventDate "2018.10.21"]
[EventType "team-tourn"]
[EventRounds "11"]
[EventCountry "CZE"]
[SourceTitle "CBM 187 Extra"]
[Source "ChessBase"]
[SourceDate "2018.11.04"]
[SourceVersion "1"]
[SourceVersionDate "2018.11.04"]
[SourceQuality "1"]
[WhiteTeam "Frydek Mistek II"]
[BlackTeam "Orlova Slavia"]
[WhiteTeamCountry "CZE"]
[BlackTeamCountry "CZE"]

1. e4 c5 2. Nf3 d6 3. d4 cxd4 4. Nxd4 Nf6 5. Nc3 a6 6. Be2 e5 7. Nb3 Be7 8. 0-0 Be6 9. f4 Qc7 10. Kh1 Nbd7 11. f5 Bc4 12. Bxc4 Qxc4 13. Qf3 Nb6 14. Bg5 0-0 15. Nd2 Qc7 16. Rac1 Rac8 17. g4 Qd8 18. h4 h6 19. Be3 Nfd7 20. Nd5 Nxd5 21. exd5 Bxh4 22. c4 Nf6 23. Qh3 Nh7 24. Kg2 Bg5 25. Ne4 Bxe3 26. Qxe3 f6 27. Qa3 Ng5 28. Nxd6 Rc7 29. Rfe1 Qe7 30. c5 Rd8 31. Qb3 Rxc5 32. Rxc5 Qxd6 33. Rec1 Ne4 34. Rc8 Kh7 35. Rxd8 Qxd8 36. Qd3 Nd6 37. b3 Qa5 38. Rc2 Qb4 39. Qe2 Qf4 40. Rc4 Nxc4 41. bxc4 Qd4 42. a4 Kg8 43. Kf1 Kf7 44. Qc2 Qf4+ 45. Ke1 Qg3+ 46. Kd2 Qf2+ 47. Kc3 Qxc2+ 48. Kxc2 b6 49. Kc3 Ke7 50. Kb4 Kd6 51. a5 bxa5+ 52. Kxa5 e4 53. Kb6 e3 54. c5+ Kxd5 55. c6 e2 56. c7 e1Q 57. c8Q Qb4+ 58. Kxa6 Qc4+ 0-1

[Event "CZE-chT1E 1718"]
[Site "Czech Republic"]
[Date "2017.11.26"]
[Round "3.6"]
[White "Hladik, Oto"]
[Black "Kozel, Jiri"]
[Result "1-0"]
[WhiteElo "2177"]
[BlackElo "2168"]
[PlyCount "95"]
[EventDate "2017.10.22"]
[EventType "team-tourn"]
[EventRounds "11"]
[EventCountry "CZE"]
[SourceTitle "EXT 2019"]
[Source "ChessBase"]
[SourceDate "2018.10.10"]
[SourceVersion "1"]
[SourceVersionDate "2018.10.10"]
[SourceQuality "1"]
[WhiteTeam "Ostrava"]
[BlackTeam "Frydek Mistek II"]
[WhiteTeamCountry "CZE"]
[BlackTeamCountry "CZE"]

1. e4 c5 2. Nf3 Nc6 3. d4 cxd4 4. Nxd4 e5 5. Nb5 d6 6. c4 Be7 7. N1c3 a6 8. Na3 f5 9. exf5 Bxf5 10. Bd3 Bxd3 11. Qxd3 Nb4 12. Qe2 Nf6 13. 0-0 0-0 14. Bg5 Nd7 15. Be3 Bg5 16. Rad1 Bxe3 17. Qxe3 Nc5 18. Rd2 Rf6 19. Rfd1 Qf8 20. Nab1 Rg6 21. Ne2 a5 22. Nbc3 e4 23. Nxe4 Nxe4 24. Qxe4 Re8 25. Qb1 Nc6 26. Ng3 Ne5 27. Qe4 Kh8 28. b3 b6 29. Re2 Rg4 30. Qd5 h5 31. Qxd6 Qf4 32. Re4 Qg5 33. Rxg4 Qxg4 34. h3 Qg5 35. Kh1 h4 36. Ne4 Qf5 37. Qd5 Qf4 38. Nd6 Rf8 39. Re1 Nd7 40. Qh5+ Kg8 41. Qd5+ Kh8 42. Re4 Qf6 43. Ne8 Qd8 44. Qe6 Nc5 45. Qg6 Qd1+ 46. Kh2 Qa1 47. Qh5+ Kg8 48. Qd5+ 1-0

[Event "CZE-chT2F 1718"]
[Site "Czech Republic"]
[Date "2017.11.05"]
[Round "2.4"]
[White "Kozel, Jiri"]
[Black "Tustanowski, Robert"]
[Result "0-1"]
[WhiteElo "2168"]
[BlackElo "2256"]
[PlyCount "74"]
[EventDate "2017.10.15"]
[EventType "team-tourn"]
[EventRounds "11"]
[EventCountry "CZE"]
[SourceTitle "EXT 2022"]
[Source "ChessBase"]
[SourceDate "2021.10.06"]
[SourceVersion "1"]
[SourceVersionDate "2021.10.06"]
[SourceQuality "1"]
[WhiteTeam "Frydek Mistek III"]
[BlackTeam "Vrbno pod Pradedem"]
[WhiteTeamCountry "CZE"]
[BlackTeamCountry "CZE"]

1. e4 d6 2. d4 Nf6 3. Nc3 e5 4. Nf3 Nbd7 5. Bc4 Be7 6. 0-0 0-0 7. a4 c6 8. Re1 b6 9. Qe2 a6 10. b4 Bb7 11. d5 cxd5 12. Nxd5 Nxd5 13. Bxd5 Bxd5 14. exd5 Qc7 15. Bb2 Rfc8 16. Rac1 Qc4 17. Nd4 Bg5 18. Rcd1 Qxe2 19. Nxe2 Rxc2 20. Bc1 Bxc1 21. Rxc1 Rac8 22. Rcd1 f5 23. f4 R8c4 24. fxe5 dxe5 25. Ng3 g6 26. Rb1 Kf7 27. Nf1 f4 28. Red1 e4 29. h3 g5 30. Nh2 Kg6 31. d6 h5 32. Rd5 Rc1+ 33. Rxc1 Rxc1+ 34. Kf2 Rc2+ 35. Kg1 Rc4 36. a5 b5 37. Nf1 e3 0-1

[Event "CZE-chT1E 1617"]
[Site "Czech Republic"]
[Date "2017.02.05"]
[Round "7.6"]
[White "Sedlacek, Oldrich"]
[Black "Kozel, Jiri"]
[Result "1-0"]
[WhiteElo "2216"]
[BlackElo "2174"]
[PlyCount "105"]
[EventDate "2016.10.16"]
[EventType "team-tourn"]
[EventRounds "11"]
[EventCountry "CZE"]
[SourceTitle "CBM 177 Extra"]
[Source "ChessBase"]
[SourceDate "2017.04.27"]
[SourceVersion "1"]
[SourceVersionDate "2017.04.27"]
[SourceQuality "1"]
[WhiteTeam "Jihlava Gordic"]
[BlackTeam "Frydek Mistek II"]
[WhiteTeamCountry "CZE"]
[BlackTeamCountry "CZE"]

1. Nf3 Nf6 2. g3 e6 3. Bg2 d5 4. 0-0 c5 5. d4 Nc6 6. c4 dxc4 7. Ne5 Bd7 8. Nxc6 Bxc6 9. Bxc6+ bxc6 10. Qa4 Qb6 11. dxc5 Bxc5 12. Qxc4 0-0 13. Nc3 Qb4 14. Qxb4 Bxb4 15. Bd2 Rfd8 16. Rfd1 Rd7 17. Be1 Rad8 18. Rxd7 Rxd7 19. Rc1 Ba5 20. Kf1 Kf8 21. Ne4 Bxe1 22. Nxf6 gxf6 23. Kxe1 Rc7 24. Rc4 f5 25. Kd2 f6 26. Rh4 Rf7 27. Rb4 Rd7+ 28. Kc3 Ke7 29. Rh4 Kd6 30. Rd4+ Kc7 31. Rxd7+ Kxd7 32. Kc4 Kd6 33. b4 h6 34. a3 Kd7 35. Kc5 Kc7 36. f3 Kd7 37. h4 Kc7 38. e3 Kd7 39. a4 Kc7 40. g4 fxg4 41. fxg4 Kd7 42. e4 Kc7 43. Kd4 Kd7 44. b5 cxb5 45. axb5 Ke7 46. Kc5 Kd7 47. h5 Kc7 48. e5 f5 49. g5 f4 50. Kd4 hxg5 51. h6 Kb6 52. h7 Kxb5 53. h8Q 1-0

[Event "CZE-chT1E 1617"]
[Site "Czech Republic"]
[Date "2016.11.20"]
[Round "3.4"]
[White "Kozel, Jiri"]
[Black "Bulockin, Martin"]
[Result "1-0"]
[WhiteElo "2174"]
[BlackElo "1934"]
[PlyCount "71"]
[EventDate "2016.10.16"]
[EventType "team-tourn"]
[EventRounds "11"]
[EventCountry "CZE"]
[SourceTitle "CBM 175 Extra"]
[Source "ChessBase"]
[SourceDate "2016.12.12"]
[SourceVersion "1"]
[SourceVersionDate "2016.12.12"]
[SourceQuality "1"]
[WhiteTeam "Frydek Mistek II"]
[BlackTeam "Region Panda"]
[WhiteTeamCountry "CZE"]
[BlackTeamCountry "CZE"]

1. e4 c5 2. Nf3 Nc6 3. d4 cxd4 4. Nxd4 Nf6 5. Nc3 d6 6. Bg5 e6 7. Qd2 a6 8. f3 h6 9. Be3 Bd7 10. 0-0-0 Rc8 11. Kb1 b5 12. Nxc6 Rxc6 13. Ne2 Be7 14. Nd4 Rc8 15. g4 Qc7 16. h4 e5 17. Nf5 Bxf5 18. gxf5 Rd8 19. Qg2 Rh7 20. f4 Qc6 21. Bd3 Nd7 22. h5 Bf6 23. c3 Rb8 24. Qd2 Nc5 25. fxe5 Bxe5 26. Bd4 Ke7 27. Bc2 a5 28. Bxe5 dxe5 29. Qe3 Rb7 30. Rd5 Nd7 31. Rhd1 Rh8 32. Qg3 Qf6 33. Qd3 Qc6 34. Rd6 Qc7 35. Qd5 Ke8 36. Bd3 1-0

[Event "Vsetin op 40th"]
[Site "Vsetin"]
[Date "2015.07.06"]
[Round "4"]
[White "Kozel, Jiri"]
[Black "Domanski, Lukasz"]
[Result "0-1"]
[WhiteElo "2175"]
[BlackElo "1934"]
[PlyCount "84"]
[EventDate "2015.07.04"]
[EventType "swiss"]
[EventRounds "9"]
[EventCountry "CZE"]
[SourceTitle "CBM 167 Extra"]
[Source "ChessBase"]
[SourceDate "2015.09.14"]
[SourceVersion "1"]
[SourceVersionDate "2015.09.14"]
[SourceQuality "1"]

1. e4 e5 2. Nf3 d6 3. d4 exd4 4. Nxd4 Nf6 5. Nc3 Be7 6. Bd3 Nc6 7. Nxc6 bxc6 8. b3 0-0 9. Bb2 d5 10. e5 Ng4 11. Na4 f6 12. e6 Bxe6 13. Qe2 Bd7 14. 0-0-0 Bd6 15. h3 Ne5 16. Qh5 Nxd3+ 17. Rxd3 Qe7 18. Kb1 Qf7 19. Qd1 Rab8 20. g4 c5 21. Nc3 d4 22. Ne4 Bc6 23. Nxd6 cxd6 24. Rg1 a5 25. Rdg3 a4 26. g5 axb3 27. axb3 fxg5 28. Rxg5 g6 29. Qd3 Kg7 30. Bc1 Bd7 31. Qd2 Bf5 32. Kb2 Ra8 33. Rxf5 Qxf5 34. h4 Rf7 35. b4 Rfa7 36. Kb3 Qd5+ 37. c4 Qf3+ 38. Kc2 Ra2+ 39. Bb2 Qe4+ 40. Kd1 Ra1+ 41. Bc1 R8a2 42. Qh6+ Kg8 0-1

[Event "Vsetin op 40th"]
[Site "Vsetin"]
[Date "2015.07.04"]
[Round "1"]
[White "Gnojek, Petr"]
[Black "Kozel, Jiri"]
[Result "0-1"]
[WhiteElo "1859"]
[BlackElo "2175"]
[PlyCount "56"]
[EventDate "2015.07.04"]
[EventType "swiss"]
[EventRounds "9"]
[EventCountry "CZE"]
[SourceTitle "CBM 167 Extra"]
[Source "ChessBase"]
[SourceDate "2015.09.14"]
[SourceVersion "1"]
[SourceVersionDate "2015.09.14"]
[SourceQuality "1"]

1. d4 Nf6 2. c4 e6 3. Nf3 d5 4. Nc3 Bb4 5. Bg5 0-0 6. e3 c6 7. Bd3 dxc4 8. Bxc4 Qa5 9. Qc2 Ne4 10. Qxe4 Bxc3+ 11. Ke2 Bxb2 12. Rab1 Ba3 13. Bf4 Nd7 14. Be5 Nxe5 15. Nxe5 Bd6 16. f4 Bxe5 17. fxe5 b6 18. Qxc6 Ba6 19. Bxa6 Qxa2+ 20. Kf3 Qxa6 21. Rhc1 Rac8 22. Qd7 Rxc1 23. Rxc1 h5 24. Rc7 Qf1+ 25. Kg3 Qe2 26. Rxa7 Qxe3+ 27. Kh4 Qf4+ 28. Kxh5 g6# 0-1

[Event "CZE-chT1E 1415"]
[Site "Czech Republic"]
[Date "2015.04.12"]
[Round "11.5"]
[White "Obsivac, Josef"]
[Black "Kozel, Jiri"]
[Result "1/2-1/2"]
[WhiteElo "2281"]
[BlackElo "2141"]
[PlyCount "89"]
[EventDate "2014.10.19"]
[EventType "team-tourn"]
[EventRounds "11"]
[EventCountry "CZE"]
[SourceTitle "EXT 2016"]
[Source "ChessBase"]
[SourceDate "2015.10.08"]
[SourceVersion "1"]
[SourceVersionDate "2015.10.08"]
[SourceQuality "1"]
[WhiteTeam "Grygov"]
[BlackTeam "Beskydy Chess School"]
[WhiteTeamCountry "CZE"]
[BlackTeamCountry "CZE"]

1. d4 Nf6 2. c4 e6 3. Nf3 d5 4. Nc3 Be7 5. Bg5 0-0 6. e3 c6 7. Qc2 h6 8. Bh4 Qa5 9. Nd2 Re8 10. Be2 Nbd7 11. 0-0 e5 12. cxd5 Nxd5 13. Nc4 Qd8 14. Bxe7 Qxe7 15. Nxd5 cxd5 16. Nxe5 Nxe5 17. dxe5 Qxe5 18. Rfd1 Be6 19. Rac1 Rac8 20. Qd2 b6 21. Ba6 Rxc1 22. Rxc1 Rd8 23. Qd4 Qxd4 24. exd4 Kf8 25. Kf1 Ke7 26. Ke1 Kd6 27. Kd2 Bd7 28. Bd3 Rc8 29. Rxc8 Bxc8 30. Ke3 g5 31. f4 f6 32. Kf3 Ke7 33. Kg3 Bd7 34. Be2 Be6 35. Bg4 Bf7 36. Bc8 Bh5 37. Bg4 Bf7 38. Bf5 Bh5 39. h3 Kd6 40. Bg4 Bg6 41. Bf3 Bf5 42. h4 Be6 43. Bh5 Bf5 44. Bg4 Bg6 45. Be2 1/2-1/2

[Event "CZE-chT2F 1415"]
[Site "Czech Republic"]
[Date "2015.03.15"]
[Round "9.17"]
[White "Kozel, Jiri"]
[Black "Beran, Petr"]
[Result "1-0"]
[WhiteElo "2141"]
[BlackElo "2056"]
[PlyCount "91"]
[EventDate "2014.11.02"]
[EventType "team-tourn"]
[EventRounds "11"]
[EventCountry "CZE"]
[SourceTitle "EXT 2022"]
[Source "ChessBase"]
[SourceDate "2021.10.06"]
[SourceVersion "1"]
[SourceVersionDate "2021.10.06"]
[SourceQuality "1"]
[WhiteTeam "Ostrava TJ Nova Hut"]
[BlackTeam "Havirov Slovan"]
[WhiteTeamCountry "CZE"]
[BlackTeamCountry "CZE"]

1. e4 c6 2. d4 d5 3. Nc3 dxe4 4. Nxe4 Nf6 5. Nxf6+ exf6 6. Nf3 Bd6 7. Be3 0-0 8. Bd3 Re8 9. Qd2 Be6 10. a3 Nd7 11. c4 a6 12. Qc2 Nf8 13. h4 b5 14. 0-0 bxc4 15. Bxc4 Bd5 16. Bxd5 cxd5 17. Rfc1 Qd7 18. b4 Rec8 19. Qb3 Ng6 20. a4 Rcb8 21. Bd2 Bxb4 22. Bxb4 a5 23. Rc5 Rxb4 24. Qxd5 Qxd5 25. Rxd5 Nf4 26. Rb5 Rxb5 27. axb5 Nd5 28. Nd2 Nb6 29. Kf1 Kf8 30. Ke2 a4 31. Kd3 Rc8 32. Ne4 Ke7 33. Nc5 Kd6 34. Rc1 Kd5 35. Rc3 Ra8 36. Na6 Rc8 37. Nc7+ Kd6 38. Rc6+ Kd7 39. Rxb6 Rxc7 40. Ra6 Rb7 41. Kc4 Rc7+ 42. Kd5 Rb7 43. b6 a3 44. Kc5 Rb8 45. Rxa3 Rc8+ 46. Kd5 1-0

[Event "Bejaia op"]
[Site "Bejaia"]
[Date "2015.01.23"]
[Round "4"]
[White "Kozel, Jiri"]
[Black "Amdouni, Zoubaier"]
[Result "0-1"]
[WhiteElo "2173"]
[BlackElo "2365"]
[PlyCount "84"]
[EventDate "2015.01.22"]
[EventType "swiss"]
[EventRounds "7"]
[EventCountry "ALG"]
[SourceTitle "CBM 164 Extra"]
[Source "ChessBase"]
[SourceDate "2015.03.02"]
[SourceVersion "1"]
[SourceVersionDate "2015.03.02"]
[SourceQuality "1"]

1. e4 e5 2. Nf3 Nc6 3. Bb5 a6 4. Ba4 Nf6 5. 0-0 Be7 6. Re1 b5 7. Bb3 0-0 8. h3 d6 9. c3 Na5 10. Bc2 c5 11. d4 Qc7 12. a4 Bd7 13. d5 c4 14. axb5 axb5 15. Be3 Nb7 16. Nbd2 Nc5 17. Qe2 Rfb8 18. Nh2 Bc8 19. f4 exf4 20. Bxf4 Nfd7 21. Rxa8 Rxa8 22. e5 dxe5 23. Nhf3 f6 24. Nd4 Bf8 25. Bf5 Nb6 26. Nxb5 Qf7 27. Bxc8 Rxc8 28. Nxc4 Nxc4 29. Qxc4 exf4 30. b4 f3 31. gxf3 Qg6+ 32. Kh1 Qd3 33. Qxd3 Nxd3 34. Re3 Ne5 35. f4 Nc4 36. Re6 Rd8 37. Rc6 Rxd5 38. Nd4 Nd6 39. Kg2 Nb5 40. Nf3 Rd3 41. c4 Rxf3 42. Rc8 Rc3 0-1

[Event "CZE-ch U20 sf"]
[Site "Frydek Mistek"]
[Date "2014.11.18"]
[Round "4"]
[White "Kozel, Jiri"]
[Black "Kubik, Michael"]
[Result "0-1"]
[WhiteElo "2141"]
[BlackElo "2213"]
[PlyCount "46"]
[EventDate "2014.11.16"]
[EventType "swiss"]
[EventRounds "9"]
[EventCountry "CZE"]
[SourceTitle "CBM 163 Extra"]
[Source "ChessBase"]
[SourceDate "2014.12.23"]
[SourceVersion "1"]
[SourceVersionDate "2014.12.23"]
[SourceQuality "1"]

1. e4 c5 2. Nf3 g6 3. d4 cxd4 4. Nxd4 Nc6 5. Nc3 Bg7 6. Be3 Nf6 7. Bc4 0-0 8. f3 Qb6 9. Bb3 Nxe4 10. Nd5 Qa5+ 11. c3 Nc5 12. Nxc6 dxc6 13. Nxe7+ Kh8 14. Nxc8 Raxc8 15. Bc2 Rfe8 16. Kf2 Rxe3 17. Kxe3 Qb6 18. Qb1 Re8+ 19. Kf4 Ne6+ 20. Kg3 Be5+ 21. Kh3 Qe3 22. Bxg6 Qh6+ 23. Kg4 Qg5+ 0-1

[Event "CZE-chT1E 1415"]
[Site "Czech Republic"]
[Date "2014.10.19"]
[Round "1.7"]
[White "Kozel, Jiri"]
[Black "Zabystrzan, Pavel"]
[Result "0-1"]
[WhiteElo "2141"]
[BlackElo "2248"]
[PlyCount "76"]
[EventDate "2014.10.19"]
[EventType "team-tourn"]
[EventRounds "11"]
[EventCountry "CZE"]
[SourceTitle "EXT 2015"]
[Source "ChessBase"]
[SourceDate "2014.11.20"]
[SourceVersion "1"]
[SourceVersionDate "2014.11.20"]
[SourceQuality "1"]
[WhiteTeam "Beskydy Chess School"]
[BlackTeam "Orlova Slavia"]
[WhiteTeamCountry "CZE"]
[BlackTeamCountry "CZE"]

1. e4 c6 2. d4 d5 3. Nc3 dxe4 4. Nxe4 Nf6 5. Ng3 Bg4 6. f3 Bd7 7. c3 e6 8. f4 c5 9. Nf3 Nc6 10. dxc5 Bxc5 11. b4 Bb6 12. b5 Ne7 13. Ne5 Qc7 14. c4 Rd8 15. Qe2 Bxb5 16. Rb1 Ba4 17. Be3 Ba5+ 18. Kf2 Nc6 19. Ng4 Bc3 20. Nxf6+ Bxf6 21. Ne4 Bd4 22. g3 Bxe3+ 23. Qxe3 Bc2 24. Rb2 Bxe4 25. Qxe4 Rd4 26. Qc2 Qd6 27. Be2 0-0 28. c5 Qe7 29. Bf3 Rfd8 30. Rc1 Nb4 31. Rxb4 Rxb4 32. Qc3 Rbd4 33. Rc2 R4d7 34. Qa5 a6 35. Ke2 e5 36. Rc4 Rd4 37. Rxd4 exd4+ 38. Kd1 Rc8 0-1

[Event "Stare Mesto op"]
[Site "Stare Mesto"]
[Date "2014.08.10"]
[Round "3"]
[White "Kozel, Jiri"]
[Black "Michalicka, Milan"]
[Result "1/2-1/2"]
[WhiteElo "2063"]
[BlackElo "2254"]
[PlyCount "72"]
[EventDate "2014.08.08"]
[EventType "swiss"]
[EventRounds "10"]
[EventCountry "CZE"]
[SourceTitle "CBM 162 Extra"]
[Source "ChessBase"]
[SourceDate "2014.10.17"]
[SourceVersion "1"]
[SourceVersionDate "2014.10.17"]
[SourceQuality "1"]

1. e4 c5 2. Nf3 g6 3. d4 cxd4 4. Nxd4 Bg7 5. Nc3 Nc6 6. Be3 Nf6 7. Bc4 0-0 8. Bb3 a5 9. 0-0 a4 10. Nxa4 Nxe4 11. Nb5 d5 12. Bb6 Qd7 13. c3 e6 14. f3 Nd6 15. Nxd6 Qxd6 16. Bc5 Qc7 17. Kh1 Re8 18. Re1 Bd7 19. Bb6 Qd6 20. Bc5 Qf4 21. Be3 Qh4 22. Nc5 Bc8 23. Qd2 Qd8 24. Rad1 Na5 25. Na4 Nxb3 26. axb3 Ra6 27. Qf2 Qa5 28. Bd4 e5 29. Qg3 Rae6 30. Bg1 Qb5 31. Nc5 R6e7 32. Rxd5 b6 33. c4 Qb4 34. Ne4 Qxb3 35. Nd6 Rf8 36. Rb5 Qd3 1/2-1/2

[Event "CZE-chT1E 1314"]
[Site "Czech Republic"]
[Date "2014.04.13"]
[Round "11.7"]
[White "Kozel, Jiri"]
[Black "Kratochvil, Karel"]
[Result "1-0"]
[WhiteElo "2014"]
[BlackElo "2231"]
[PlyCount "105"]
[EventDate "2013.10.20"]
[EventType "team-tourn"]
[EventRounds "11"]
[EventCountry "CZE"]
[SourceTitle "EXT 2015"]
[Source "ChessBase"]
[SourceDate "2014.11.20"]
[SourceVersion "1"]
[SourceVersionDate "2014.11.20"]
[SourceQuality "1"]
[WhiteTeam "Frydek Mistek II"]
[BlackTeam "Brno Lokomotiva"]
[WhiteTeamCountry "CZE"]
[BlackTeamCountry "CZE"]

1. e4 e5 2. Nf3 Nf6 3. Nxe5 d6 4. Nf3 Nxe4 5. Nc3 Nxc3 6. dxc3 Be7 7. Bd3 Be6 8. h4 h6 9. Nd4 Bd7 10. Be3 Nc6 11. Nxc6 Bxc6 12. Qg4 Bf6 13. 0-0-0 h5 14. Qh3 Bd7 15. Bf5 Qc8 16. Bxd7+ Qxd7 17. Qf3 Qc6 18. Qf5 Kf8 19. Bg5 Bxg5+ 20. Qxg5 Re8 21. Rhe1 Rh6 22. f3 Qd7 23. a3 Kg8 24. Qa5 Rhe6 25. Rxe6 Qxe6 26. Qxh5 c6 27. b3 d5 28. Qg5 Qd6 29. Kb2 Re2 30. c4 Re5 31. Qf4 Qe6 32. cxd5 cxd5 33. Qd4 b6 34. g3 Re3 35. Qxd5 Qxd5 36. Rxd5 Rxf3 37. Rd3 Rf2 38. b4 g6 39. Kb3 Kg7 40. c4 Rf5 41. Kc3 Kf6 42. Re3 g5 43. hxg5+ Rxg5 44. Kd4 a5 45. c5 axb4 46. axb4 Rg4+ 47. Kd5 b5 48. c6 Kg5 49. Kd6 Rc4 50. c7 Kg4 51. Kd7 Rd4+ 52. Kc6 Rc4+ 53. Kb7 1-0

[Event "CZE-ch U18"]
[Site "Kouty nad Desnou"]
[Date "2014.03.14"]
[Round "10"]
[White "Kozel, Jiri"]
[Black "Balacek, Tadeas"]
[Result "1/2-1/2"]
[WhiteElo "2047"]
[BlackElo "2234"]
[PlyCount "39"]
[EventDate "2014.03.07"]
[EventType "tourn"]
[EventRounds "11"]
[EventCountry "CZE"]
[SourceTitle "EXT 2015"]
[Source "ChessBase"]
[SourceDate "2014.11.20"]
[SourceVersion "1"]
[SourceVersionDate "2014.11.20"]
[SourceQuality "1"]

1. e4 e6 2. d4 d5 3. Nc3 Nf6 4. Bg5 Be7 5. e5 Nfd7 6. h4 0-0 7. Bd3 c5 8. Qh5 g6 9. Qh6 cxd4 10. Nf3 Nxe5 11. Nxe5 dxc3 12. Nxg6 fxg6 13. Bxg6 hxg6 14. Qxg6+ Kh8 15. Qh6+ Kg8 16. Qg6+ Kh8 17. Rh3 cxb2 18. Qh6+ Kg8 19. Qg6+ Kh8 20. Qh6+ 1/2-1/2

[Event "CZE-ch U18"]
[Site "Kouty nad Desnou"]
[Date "2014.03.11"]
[Round "6"]
[White "Kozel, Jiri"]
[Black "Kraus, Tomas"]
[Result "0-1"]
[WhiteElo "2047"]
[BlackElo "2323"]
[PlyCount "42"]
[EventDate "2014.03.07"]
[EventType "tourn"]
[EventRounds "11"]
[EventCountry "CZE"]
[SourceTitle "EXT 2015"]
[Source "ChessBase"]
[SourceDate "2014.11.20"]
[SourceVersion "1"]
[SourceVersionDate "2014.11.20"]
[SourceQuality "1"]

1. e4 d6 2. d4 Nf6 3. Nc3 e5 4. Nf3 Nbd7 5. Bc4 Be7 6. Ng5 0-0 7. Bxf7+ Rxf7 8. Ne6 Qe8 9. Nxc7 Qd8 10. Nxa8 b5 11. dxe5 Nxe5 12. Bf4 Bd7 13. Bxe5 dxe5 14. Nd5 Bc5 15. Nxf6+ Qxf6 16. f3 Bc6 17. Qe2 Qh4+ 18. g3 Qd8 19. Kf1 Rd7 20. Qe1 Rd2 21. Qc1 Qd4 0-1

[Event "CZE-chT1E 1314"]
[Site "Czech Republic"]
[Date "2014.01.26"]
[Round "6.7"]
[White "Vesely, Martin"]
[Black "Kozel, Jiri"]
[Result "1-0"]
[WhiteElo "2156"]
[BlackElo "2014"]
[PlyCount "85"]
[EventDate "2013.10.20"]
[EventType "team-tourn"]
[EventRounds "11"]
[EventCountry "CZE"]
[SourceTitle "EXT 2015"]
[Source "ChessBase"]
[SourceDate "2014.11.20"]
[SourceVersion "1"]
[SourceVersionDate "2014.11.20"]
[SourceQuality "1"]
[WhiteTeam "Ostrava"]
[BlackTeam "Frydek Mistek II"]
[WhiteTeamCountry "CZE"]
[BlackTeamCountry "CZE"]

1. d4 c5 2. d5 e5 3. e4 d6 4. Bb5+ Nd7 5. a4 a6 6. Bd3 g6 7. Ne2 Bg7 8. 0-0 Ne7 9. Nd2 0-0 10. a5 b5 11. axb6 Nxb6 12. Nc3 f5 13. f3 h6 14. Na4 Nxa4 15. Rxa4 g5 16. Qe2 Ng6 17. g3 h5 18. exf5 Bxf5 19. Bxf5 Rxf5 20. Rxa6 Qf8 21. Rxa8 Qxa8 22. c4 Qf8 23. Ne4 Bh6 24. Bd2 Qb8 25. Qd3 Ne7 26. b3 Kg7 27. g4 hxg4 28. fxg4 Rxf1+ 29. Qxf1 Ng8 30. Qf3 Qd8 31. Qf5 Nf6 32. Bxg5 Bxg5 33. Qxg5+ Kf7 34. h4 Qe7 35. Qxf6+ Qxf6 36. Nxf6 Kxf6 37. Kf2 Kg6 38. Kf3 Kf6 39. Ke4 Kg6 40. g5 Kg7 41. h5 Kf7 42. Kf5 Kg7 43. g6 1-0

[Event "Stare Mesto op"]
[Site "Stare Mesto"]
[Date "2013.08.15"]
[Round "8"]
[White "Kozel, Jiri"]
[Black "Tauber, Marek"]
[Result "0-1"]
[WhiteElo "2017"]
[BlackElo "2176"]
[PlyCount "62"]
[EventDate "2013.08.09"]
[EventType "swiss"]
[EventRounds "10"]
[EventCountry "CZE"]
[SourceTitle "CBM 155 Extra"]
[Source "ChessBase"]
[SourceDate "2013.08.26"]
[SourceVersion "1"]
[SourceVersionDate "2013.08.26"]
[SourceQuality "1"]

1. e4 e5 2. f4 exf4 3. Nf3 Ne7 4. Bc4 d5 5. exd5 Nxd5 6. 0-0 Be7 7. Qe1 Nc6 8. Nc3 Be6 9. Ne5 Nxe5 10. Qxe5 Bf6 11. Qe4 c6 12. Nxd5 cxd5 13. Bb5+ Kf8 14. Qb4+ Be7 15. Qa4 g5 16. d4 Kg7 17. Bd3 Bd6 18. c3 Qf6 19. Qc2 h5 20. Qf2 Rag8 21. b3 h4 22. c4 h3 23. g3 Kf8 24. cxd5 Bxd5 25. Bc4 Qe6 26. Bd2 fxg3 27. Qxf7+ Qxf7 28. Bxd5 gxh2+ 29. Kh1 Qxf1+ 30. Rxf1+ Ke8 31. Rf6 Rf8 0-1